Võ Nguyên Giáp vị tướng vì hòa bình, người học trò xuất sắc của chủ tịch Hồ Chí Minh Nhớ về một con người huyền thoại, người anh cả của QQĐNDVN, Đại tướng của nhân dân)
Khái lược tiểu sử và những nhận xét, đánh giá của chính khách, nhà nghiên cứu, các vị lãnh đạo trong và ngoài nước về Đại tướng Võ Nguyên Giáp. Những bái viết củaĐại tướng Võ Nguyên Giáp. Những mẫu chuyện kể của Đại tướng Võ Nguyên Giáp về chủ tịch Hồ Chí Minh......
Tallennettuna:
| Päätekijä: | |
|---|---|
| Muut tekijät: | |
| Aineistotyyppi: | Kirja |
| Kieli: | Vietnamese |
| Julkaistu: |
H.
Thời đại
2013
|
| Aiheet: | |
| Tagit: |
Lisää tagi
Ei tageja, Lisää ensimmäinen tagi!
|
| Thư viện lưu trữ: | Mạng thư viện Đại học Đà Nẵng |
|---|
| LEADER | 01789nam a2200361 4500 | ||
|---|---|---|---|
| 001 | 000019942 | ||
| 003 | 16383 | ||
| 005 | 20141204071215.0 | ||
| 008 | 141203s2013 viesd | ||
| 020 | |c 350000 | ||
| 041 | 0 | |a vie | |
| 082 | 1 | 4 | |a 959.704092 |b LÊ-K |
| 100 | 1 | |a Lê Trung Kiên | |
| 245 | 1 | 0 | |a Võ Nguyên Giáp vị tướng vì hòa bình, người học trò xuất sắc của chủ tịch Hồ Chí Minh |b Nhớ về một con người huyền thoại, người anh cả của QQĐNDVN, Đại tướng của nhân dân) |c Chủ biên: Lê Trung Kiên, Vũ Hoa Tươi |
| 260 | |a H. |b Thời đại |c 2013 | ||
| 300 | |a 415 tr. |b Hình ảnh màu |c 27 cm. | ||
| 504 | |a Thư mục tr.413-415, phụ lục ảnh màu. tr. 353-412 | ||
| 520 | 3 | |a Khái lược tiểu sử và những nhận xét, đánh giá của chính khách, nhà nghiên cứu, các vị lãnh đạo trong và ngoài nước về Đại tướng Võ Nguyên Giáp. Những bái viết củaĐại tướng Võ Nguyên Giáp. Những mẫu chuyện kể của Đại tướng Võ Nguyên Giáp về chủ tịch Hồ Chí Minh... | |
| 600 | 1 | 4 | |a Võ nguyên Giáp |d 1911-2013 |
| 650 | 0 | 4 | |a Nhân vật lịch sử |z Việt Nam |
| 653 | |a Võ Nguyên Giáp | ||
| 653 | |a Tướng lĩnh quân đội | ||
| 700 | 1 | |a Vũ Hoa Tươi |e Ch.b | |
| OWN | |a LSP | ||
| AVA | |a UDN50 |b LSP |d 959.704092 LÊ-K |e available |t Error 5001 Not defined in file expand_doc_bib_avail. |f 1 |g 0 |h N |i 0 |k 1 | ||
| 999 | |a From the UDN01 | ||
| AVA | |a UDN50 |b LSP |d 959.704092 LÊ-K |e available |t Error 5001 Not defined in file expand_doc_bib_avail. |f 1 |g 0 |h N |i 0 |k 1 | ||
| TYP | |a Monograph | ||
| TYP | |a Printed language | ||
| 980 | |a Mạng thư viện Đại học Đà Nẵng | ||